Essential oil safety : a guide for health care professionals
محفوظ في:
| المؤلف الرئيسي: | |
|---|---|
| التنسيق: | Sách |
| اللغة: | Undetermined |
| منشور في: |
Elsevier Ltd
2013
|
| الموضوعات: | |
| الوسوم: |
إضافة وسم
لا توجد وسوم, كن أول من يضع وسما على هذه التسجيلة!
|
| Thư viện lưu trữ: | Trung tâm Thư viện - Trường Đại học Công nghiệp TP. Hồ Chí Minh |
|---|
| LEADER | 00544nam a2200157Ia 4500 | ||
|---|---|---|---|
| 001 | UIH_03241 | ||
| 008 | 231011s9999 xx 000 0 und d | ||
| 082 | |a 615.360289 | ||
| 100 | |a Tisserand, Robert | ||
| 245 | 0 | |a Essential oil safety : a guide for health care professionals | |
| 245 | 0 | |c Tisserand, Robert | |
| 260 | |b Elsevier Ltd | ||
| 260 | |c 2013 | ||
| 650 | |a Dầu, dễ bay hơi; Dầu, dễ bay hơi; | ||
| 927 | |a Sách | ||
| 980 | |a Trung tâm Thư viện - Trường Đại học Công nghiệp TP. Hồ Chí Minh | ||